000 00206 a2200097 4500
001 43356
100 _aCoward
245 _aPlay today
260 _aLondon
_bWilliam Heinemann ltd
_c
090 _c27193
_d27193
942 _aNUST-CAE
_cM
_c19106
999 _c278429
_d278429